Sports Quiz

Random Sports or Baseball Quiz

MLB Pitching Rotations (2000s) Quiz Stats

Quiz Updated Feb 23, 2012

Challenge
Share
Tweet
Embed
Score 0/150 Timer 15:00
12 Plays Today
Team Player % Correct
ArizonaRandy Johnson
86.5%
BaltimoreJason Johnson
85.3%
ClevelandCC Sabathia
83.2%
NY YankeesRoger Clemens
81.4%
HoustonRoger Clemens
81.4%
TorontoRoy Halladay
81.3%
MinnesotaJohan Santana
79.5%
LA AngelsErvin Santana
78.9%
ClevelandCliff Lee
78.3%
BostonCurt Schilling
76.8%
ArizonaCurt Schilling
76.8%
SeattleFelix Hernandez
76.5%
OaklandBarry Zito
76.2%
WashingtonLivan Hernandez
76%
NY YankeesOrlando Hernandez
76%
BostonPedro Martinez
74.4%
TorontoChris Carpenter
71.3%
St. LouisChris Carpenter
71.3%
AtlantaGreg Maddux
70.4%
NY YankeesAndy Pettitte
70.3%
HoustonAndy Pettitte
70.3%
AtlantaTom Glavine
69.3%
NY MetsTom Glavine
69.3%
DetroitJustin Verlander
69.2%
BostonJosh Beckett
69%
FloridaJosh Beckett
69%
OaklandTim Hudson
68.6%
AtlantaTim Hudson
68.6%
BostonTim Wakefield
67%
HoustonRoy Oswalt
65.1%
NY YankeesMike Mussina
64.9%
AtlantaJohn Smoltz
64.5%
Chicago CubsCarlos Zambrano
63.3%
Chicago White SoxMark Buehrle
62.9%
LA AngelsJohn Lackey
62.4%
San DiegoJake Peavy
62.2%
OaklandMark Mulder
60.2%
Kansas CityZack Greinke
59.3%
SeattleJamie Moyer
57.8%
PhiladelphiaJamie Moyer
57.8%
PhiladelphiaCole Hamels
55.1%
LA AngelsJered Weaver
53.6%
DetroitJeff Weaver
53.4%
Chicago CubsKerry Wood
51.2%
TorontoAJ Burnett
49.7%
FloridaAJ Burnett
49.7%
MilwaukeeBen Sheets
48.7%
Tampa BayScott Kazmir
48.5%
ArizonaBrandon Webb
48.1%
CincinnatiBronson Arroyo
47%
Team Player % Correct
FloridaDontrelle Willis
45.1%
San FranciscoMatt Cain
44.8%
Tampa BayJames Shields
44.6%
TexasKenny Rogers
44%
Chicago CubsMark Prior
43.7%
BostonDerek Lowe
43.3%
LA DodgersDerek Lowe
43.3%
CincinnatiAaron Harang
43.1%
TexasKevin Millwood
43.1%
AtlantaKevin Millwood
43.1%
OaklandDan Haren
42%
PittsburghKip Wells
40.5%
HoustonWandy Rodriguez
39.3%
ColoradoUbaldo Jimenez
36.6%
SeattleFreddy Garcia
35.3%
LA DodgersKevin Brown
34.3%
San FranciscoJason Schmidt
34.1%
DetroitJeremy Bonderman
32.1%
MinnesotaBrad Radke
31.4%
TorontoTed Lilly
30.7%
Chicago CubsTed Lilly
30.7%
San DiegoChris Young
30.6%
NY MetsOliver Perez
29.7%
LA DodgersOdalis Perez
29.5%
San DiegoWoody Williams
28.9%
St. LouisWoody Williams
28.9%
ColoradoJeff Francis
28.8%
ClevelandFausto Carmona
28.7%
CincinnatiPaul Wilson
28.7%
PittsburghZach Duke
28.7%
Chicago White SoxJon Garland
28.1%
ColoradoAaron Cook
27.8%
Chicago White SoxJavier Vazquez
27.7%
WashingtonJavier Vazquez
27.7%
LA DodgersBrad Penny
27.2%
FloridaBrad Penny
27.2%
ClevelandJake Westbrook
27.2%
St. LouisMatt Morris
27.1%
NY YankeesChien-Ming Wang
25.9%
TexasVicente Padilla
25.8%
OaklandJoe Blanton
25.8%
PhiladelphiaVicente Padilla
25.6%
PhiladelphiaBrett Myers
25.5%
Chicago White SoxJose Contreras
25%
NY MetsAl Leiter
24.9%
PhiladelphiaRandy Wolf
24.9%
SeattleGil Meche
24.9%
Kansas CityGil Meche
24.9%
BaltimoreErik Bedard
24.6%
ArizonaDoug Davis
24.4%
Team Player % Correct
MilwaukeeDoug Davis
24.4%
Kansas CityJeff Suppan
22.5%
MilwaukeeJeff Suppan
22.5%
St. LouisJeff Suppan
22.5%
Chicago White SoxJohn Danks
22.1%
LA DodgersChad Billingsley
21.7%
DetroitNate Robertson
21.6%
San FranciscoRuss Ortiz
21.4%
LA AngelsRamon Ortiz
21.4%
LA AngelsJarrod Washburn
21.2%
TexasChan Ho Park
20.9%
NY MetsJohn Maine
20.8%
BaltimoreSidney Ponson
19%
BaltimoreRodrigo Lopez
18%
BaltimoreDaniel Cabrera
17.3%
St. LouisJason Marquis
17%
MinnesotaKyle Lohse
16.2%
PittsburghPaul Maholm
16.1%
HoustonWade Miller
16.1%
ColoradoJason Jennings
15.1%
DetroitMike Maroth
14.8%
NY MetsSteve Trachsel
14.3%
ClevelandPaul Byrd
13.7%
Chicago CubsMatt Clement
13.6%
PittsburghIan Snell
13%
WashingtonJohn Lannan
12.8%
MilwaukeeChris Capuano
12.4%
SeattleJoel Pineiro
11.9%
MilwaukeeDavid Bush
11.3%
CincinnatiEric Milton
11.3%
MinnesotaCarlos Silva
11.1%
PittsburghJosh Fogg
10.5%
Kansas CityBrian Bannister
10.3%
San FranciscoKirk Rueter
9.8%
Kansas CityDarrell May
9.2%
ArizonaMiguel Batista
9.1%
Tampa BayJoe Kennedy
8.9%
Tampa BayAndy Sonnanstine
8.2%
MinnesotaJoe Mays
8.1%
Tampa BayMark Hendrickson
7.2%
San DiegoAdam Eaton
7.1%
WashingtonTony Armas
6.9%
TexasRick Helling
6.9%
San FranciscoNoah Lowry
6.2%
FloridaScott Olsen
6%
TorontoJosh Towers
5.9%
ColoradoShawn Chacon
5.7%
WashingtonTomo Ohka
5.3%
San DiegoBrian Lawrence
5%
CincinnatiElmer Dessens
4.1%

You're not logged in!

Compare scores with friends on all Sporcle quizzes.
Sign Up with Email
OR
Log In

You Might Also Like...

Show Comments

Extras

Top Quizzes Today


Score Distribution

Your Account Isn't Verified!

In order to create a playlist on Sporcle, you need to verify the email address you used during registration. Go to your Sporcle Settings to finish the process.